| 000 | 00593nam a22002057a 4500 | ||
|---|---|---|---|
| 003 | OSt | ||
| 005 | 20151215142709.0 | ||
| 008 | 151215b xxu||||| |||| 00| 0 eng d | ||
| 015 | _2http://koha.must.ac.ug:8080/cgi-bin/koha/cataloguing/addbiblio.pl?frameworkcode=BKS# | ||
| 020 | _a0435806572 | ||
| 040 | _cDDC. | ||
| 082 | _a150 COA 2001 | ||
| 100 |
_aCoates,Michael. _96588 |
||
| 245 | _aPsychology and Organisation. | ||
| 260 |
_aUK. _bHeinemann. _c2001. |
||
| 300 |
_aiv,92p; _bill: _c26cm |
||
| 504 | _aincludes references and index. | ||
| 650 |
_aPsychology. _931 |
||
| 942 |
_2ddc _cSLOAN |
||
| 999 |
_c2875 _d2875 |
||